000 00395nam a2200169Ia 4500
003 Ost
005 20260225132600.0
008 260225s9999||||xx |||||||||||||| ||und||
020 _a9961640853
040 _cfsic
041 _afre
082 _a70.4
100 _aphilippe berton
_eAuteur
245 0 _al'argumentation dans la communication /
245 0 _cphilippe berton
942 _cكتاب
999 _c34733
_d34733